| 000 | 00594nam a2200205 a 4500 | ||
|---|---|---|---|
| 005 | 20230624064026.0 | ||
| 008 | 991125s1980 mx 000 0 spa u | ||
| 035 | _aUPN01000027154 | ||
| 049 | _aF | ||
| 050 | 4 |
_aHF5549 _bC87 no.3 1980 |
|
| 245 | 0 | 0 | _aHa llegado un nuevo empleado. |
| 250 | _a4a ed. | ||
| 260 |
_aMéxico : _bARMO, _c1980. |
||
| 300 |
_a23 p. : _bil. |
||
| 440 | 0 |
_aCurso de relaciones humanas en las funciones del supervisor ; _v3 |
|
| 500 | _aDatos tomados de la cubierta | ||
| 650 | 4 |
_aRelaciones interpersonales _91551 |
|
| 650 | 2 |
_aSupervisores _96424 |
|
| 905 | _aLibro | ||
| 999 |
_c27154 _d27154 |
||